00539nai a2200157Ia 4500003000900000008004100009022002200050022002300072040001600095245004300111260003400154310001400188362002600202521006900228856008400297IN-BaIIA211028c9999 xx s 000 0 eng d a0022-4901 (Print) a1745-4603 (Online) cIIA Library 0aJournal of Texture Studiesh[eJournal] aNew JerseybJohn Wiley & Sons aBimonthly a28(1); 1997 - Present bSubscribed through National Knowledge Resource Consortium (NKRC) uhttps://onlinelibrary.wiley.com/journal/17454603yClick Here to Access eJournal